| 000 | 00683 a2200229 4500 | ||
|---|---|---|---|
| 003 | OSt | ||
| 005 | 20180116192328.0 | ||
| 008 | 120508t xxu||||| |||| 00| 0 eng d | ||
| 010 | _a 70463304 | ||
| 020 | _a0500340331 | ||
| 040 | _c0 | ||
| 082 | 0 | 0 | _a745.4 |
| 100 | 1 |
_aCritchlow, Keith. _91172 |
|
| 245 | 1 | 0 |
_aOrder in space: _ba design source book / _cKeith Critchlow |
| 260 |
_aLondon, _bThames & Hudson, _c1969. |
||
| 300 |
_a120 p. (7 fold.) _bill;. _c21 x 31 cm. |
||
| 500 | _aIncludes index | ||
| 650 | 0 |
_aGeometrical drawing. _91173 |
|
| 650 | 0 |
_aDesign. _91174 |
|
| 942 |
_aSADA _cBK _k745.4 CRI 1969 _2ddc |
||
| 999 |
_c352264 _d352264 |
||